Normal view MARC view
  • Liaquat, Salman

Entry Personal Name

Number of records used in: 1

001 - CONTROL NUMBER

  • control field: 130690

003 - CONTROL NUMBER IDENTIFIER

  • control field: NUST

005 - DATE AND TIME OF LATEST TRANSACTION

  • control field: 20250925111121.0

008 - FIXED-LENGTH DATA ELEMENTS

  • fixed length control field: 250925|| aca||aabn | a|a d

040 ## - CATALOGING SOURCE

  • Original cataloging agency: NUST
  • Transcribing agency: NUST

100 ## - HEADING--PERSONAL NAME

  • Personal name: Liaquat, Salman

670 ## - SOURCE DATA FOUND

  • Source citation: Work cat.: (NUST): Liaquat, Salman, In-Memory Computing using DRAM for Enhanced Performance and Energy Efficiency in Post-Von Neumann Computing Architectures/
© 2023 Central Library, National University of Sciences and Technology. All Rights Reserved.